Spitfires and polished metal : restoring the classic fighter /
Saved in:
| Main Author: | |
|---|---|
| Other Authors: | |
| Format: | Book |
| Language: | English |
| Published: |
Shrewsbury :
Airlife,
1999.
|
| Subjects: | |
| Tags: |
Add Tag
No Tags, Be the first to tag this record!
|
| LEADER | 00815pam a2200253 a 4500 | ||
|---|---|---|---|
| 001 | 007911029-0 | ||
| 005 | 20041028095143.0 | ||
| 008 | 991018s1999 enkac 001 0 eng | ||
| 015 | |a GB98-X4036 | ||
| 020 | |a 1853107204 | ||
| 035 | 0 | |a ocm42660275 | |
| 040 | |a UKM |c UKM | ||
| 050 | 4 | |a TL685.3 |b .M67 1999 | |
| 082 | 0 | 4 | |a 623.7464 |2 21 |
| 100 | 1 | |a Moss, Graham, |d 1961- | |
| 245 | 1 | 0 | |a Spitfires and polished metal : |b restoring the classic fighter / |c researched and written by Graham Moss ; photographs by Barry McKee. |
| 260 | |a Shrewsbury : |b Airlife, |c 1999. | ||
| 300 | |a 144 p. : |b ill. (some col.), col. ports. ; |c 27 cm. | ||
| 500 | |a Includes index. | ||
| 610 | 2 | 0 | |a Historic Flying. |
| 650 | 0 | |a Spitfire (Fighter planes) |x Conservation and restoration. | |
| 700 | 1 | |a McKee, Barry. | |
| 988 | |a 20020608 | ||
| 906 | |0 OCLC | ||


